Нормален изглед
MARC изглед
- Човекът и природата - начално образование
Вход 09. Предметна рубрика
001 - Контролен номер на записа
- Контролно поле: 390435
003 - Код на организацията, даваща контролен номер
- Контролно поле: BLK
005 - Дата и час на последна промяна на записа
- Контролно поле: 20181130135128.0
008 - Данни с фиксирана дължина – обща информация
- Данни с фиксирана дължина : 181102|| aca||babn | a|a d
150 ## - ТЕМАТИЧНА ПРЕДМЕТНА РУБРИКА
- Редна дума или Топографско име: Човекът и природата - начално образование
942 ## - Системна служебна употреба
- Koha auth type: TOPIC_TERM